Open Data Biblioteca Nacional de Portugal


República Portuguesa: Ministério da Cultura
Biblioteca Nacional de Portugal

Catálogo da BNP: acesso por Identificadores Unívocos
Registos Bibliográficos associados ao registo de autoridade

Etiqueta de registo: 00254nam 2200025 450
001 2284997
003 http://id.bnportugal.gov.pt/bib/catbnp/2284997
010 ## $a978-989-9130-60-9
021 ## $aPT$b558355/25
100 ## $a20260422d2026 m y0pory01030103ba
101 1# $apor$cfre
102 ## $aPT
105 ## $ay z 000ay
106 ## $ar
200 1# $a O carrasco de Verdun$fLouis Dumur$gtrad. José Ribeiro dos Santos
205 ## $a1ª ed
210 #9 $aSilveira$cE-Primatur,$d2026
215 ## $a384 p.$d20 cm
304 ## $aTít. orig.: Le boucher de Verdun
675 ## $a821.133.1(494)-31"19"$vBN$zpor$31166105
700 #1 $aDumur,$bLouis,$f1863-1933$3180555
702 #1 $92$aSantos,$bJosé Ribeiro dos$4730$31996589
801 #0 $aPT$bBN$gRPC
856 41 $uhttp://rnod.bnportugal.gov.pt/ImagesBN/winlibimg.aspx?skey=&doc=2284997&img=222705&save=true
900 ## $aBIBNAC$d20260611
966 ## $lBN$mFGMON$sL. 123957 P.$x1
966 ## $lBN$mFGMON$sL. 123957 P.-D$x1
971 ## $cssilva$d20260422
972 ## $e0$z0$d20260611$vlrevez
973 ## $cigoulao$d20260527
975 ## $e0$d20260617$viquintas

OpendataBNP@bnportugal.pt | Mais informação sobre acesso aos dados BNP